| 000 | 00612nam a2200229 a 4500 | ||
|---|---|---|---|
| 999 |
_c590 _d590 |
||
| 001 | 590 | ||
| 003 | BD-JhCC | ||
| 005 | 20171007193832.0 | ||
| 008 | 171007s19841985xxua|||| || | 000 0 eng d | ||
| 020 | _a06692032848 | ||
| 035 | _a(BD-JhCC)590 | ||
| 040 |
_aBD-JhCC _dBD-JhCC |
||
| 041 | _aeng | ||
| 082 |
_a420.0 _bWOO 1985 |
||
| 100 | _aWoodruff, G. Willard | ||
| 245 |
_aWorking Works In Spelling Level E / _cG. Willard Woodruff and George N. Moore |
||
| 300 |
_a176 p.; _bii _c22cm. |
||
| 650 | _aEnglish Language- Orthography Spelling | ||
| 700 | _aMoore, N. George | ||
| 942 |
_2ddc _cBK |
||